Biggest Cities in Oregon on a Map - Statistics

General Stats
  • This quiz has been taken 399 times
  • The average score is 8 of 10
Answers on the Map
Answers color-coded by a green-red scale on the quiz's map according to % correct below.
 
Answer Stats
Population City % Correct
647,805 Portland
100%
169,798 Salem
96%
168,916 Eugene
95%
94,520 Bend
86%
81,780 Medford
73%
111,053 Gresham
71%
97,514 Beaverton
70%
106,894 Hillsboro
66%
57,961 Corvallis
65%
62,353 Springfield
51%
No matching quizzes found
Score Distribution
Percent of People with Each Score
Percentile by Number Answered
Your Score History
You have not taken this quiz